Amy Gutmann identity in democracy : book review /
Đã lưu trong:
| 主要作者: | |
|---|---|
| 格式: | Bài viết |
| 語言: | English |
| 主題: | |
| 標簽: |
添加標簽
沒有標簽, 成為第一個標記此記錄!
|
| Thư viện lưu trữ: | Thư viện Trường Đại học Đà Lạt |
|---|
| LEADER | 00713nam a2200253 4500 | ||
|---|---|---|---|
| 001 | DLU090067743 | ||
| 005 | ##20090504 | ||
| 040 | # | # | |a DLU |b eng |
| 041 | # | # | |a eng |
| 044 | # | # | |a US |
| 100 | # | # | |a Reich, Rob. |
| 245 | # | # | |a Amy Gutmann identity in democracy : |b book review / |c Rob Reich. |
| 653 | # | # | |a Identity |
| 653 | # | # | |a Political ethics |
| 773 | # | # | |t Theory and Research in Education |g Vol. 5, no. 2 (July 2007), p. 241-247 |
| 920 | # | # | |a Phòng Tạp chí -- Trung tâm Thông tin - Thư viện Trường Đại học Đà Lạt |
| 994 | # | # | |a DLU |
| 900 | # | # | |a True |
| 911 | # | # | |a Trương Bảo Trâm Anh |
| 925 | # | # | |a G |
| 926 | # | # | |a A |
| 927 | # | # | |a BB |
| 980 | # | # | |a Thư viện Trường Đại học Đà Lạt |